000 00447nam a2200181Ia 4500
999 _c37205
_d37205
003 0100
005 20180228154304.0
008 130303s9999 xx 000 0 und d
040 _cARRUPELIB
050 _aDT782.S7 1967
100 _aStevens, Richard P.
_939862
245 _aLesotho, Botswana and Swaziland /
260 _aNew York
_bFrederick A.Praeger
_c1967
300 _a294p.
300 _b 23cm.
440 _aPraeger Library of African Affairs
_938970
650 _aLesotho
_xHistory
_939863
650 _aBotswana
_xHistory
_939864
650 _aSwaziland
_xHistory
_930426
942 _2lcc
_cMONOGRAPH